Ex-situ conservation of lions at phnom tamao zoological garden and wildlife rescue center, ការអភិរក្សសត្វតោនៅតំបន់នៅឧទ្យានសួនសត្វ និងមជ្ឈមណ្ឌលសង្រ្គោះសត្វភ្នំតាម៉ៅ (Record no. 3366)

000 -LEADER
fixed length control field 00669nam a22001577a 4500
003 - CONTROL NUMBER IDENTIFIER
control field OSt
005 - DATE AND TIME OF LATEST TRANSACTION
control field 20151112150748.0
008 - FIXED-LENGTH DATA ELEMENTS--GENERAL INFORMATION
fixed length control field 151112b xxu||||| |||| 00| 0 eng d
040 ## - CATALOGING SOURCE
Transcribing agency RUA
082 ## - DEWEY DECIMAL CLASSIFICATION NUMBER
Classification number FOR POV 2005 B132 Or.1
100 ## - MAIN ENTRY--PERSONAL NAME
9 (RLIN) 3615
Personal name POV, PHALIN.
245 ## - TITLE STATEMENT
Title Ex-situ conservation of lions at phnom tamao zoological garden and wildlife rescue center, ការអភិរក្សសត្វតោនៅតំបន់នៅឧទ្យានសួនសត្វ និងមជ្ឈមណ្ឌលសង្រ្គោះសត្វភ្នំតាម៉ៅ
260 ## - PUBLICATION, DISTRIBUTION, ETC. (IMPRINT)
Place of publication, distribution, etc. Phnom Penh
Name of publisher, distributor, etc. RUA
Date of publication, distribution, etc. 2005
300 ## - PHYSICAL DESCRIPTION
Extent xiii;43p.
Other physical details ill.
Dimensions 29cm.
942 ## - ADDED ENTRY ELEMENTS (KOHA)
Source of classification or shelving scheme
Koha item type FOR
Holdings
Price effective from Date last seen Permanent Location Not for loan Date acquired Source of classification or shelving scheme Koha item type Lost status Withdrawn status Total Renewals Date last checked out Total Checkouts Shelving location Damaged status Barcode Current Location Full call number
2015-11-122015-11-12Library Block B 2015-11-12 FOR     B132 RUA028738Library Block BFOR POV 2005 B132 Or.1
2015-11-122015-11-12Library Block B 2015-11-12 FOR     B132 RUA028809Library Block BFOR POV 2005 B132 Or.2
2015-11-122016-06-24Library Block B 2015-11-12 FOR  12016-05-311B132 RUA028665Library Block BFOR POV 2005 B132 Or.3
2015-11-122015-11-12Library Block B 2015-11-12 FOR     B132 RUA028593Library Block BFOR POV 2005 B132 Or.4
2015-11-122015-11-12Library Block B 2015-11-12 FOR     B132 RUA028959Library Block BFOR POV 2005 B132 Or.5
2015-11-122015-11-12Library Block B 2015-11-12 FOR     B132 RUA028967Library Block BFOR POV 2005 B132 Or.6
មជ្ឈមណ្ឌលឯការនៃសាកលវិទ្យាល័យភូមិន្ទកសិកម្មចំការដូង

Powered by Koha